|
|
|
|
| LEADER |
02210nam a2200613 i 4500 |
| 001 |
001565847 |
| 003 |
CZ BrMZK |
| 005 |
20170317094138.0 |
| 007 |
ta |
| 008 |
170223s1974 xo g e 000 0 slo |
| 020 |
|
|
|q (Brožováno)
|
| 040 |
|
|
|a ABA001
|b cze
|d ABA001
|c ABA001
|d BOA001
|e rda
|
| 041 |
0 |
|
|a slo
|b ger
|b rus
|
| 043 |
|
|
|a e-au---
|a e-xo---
|
| 045 |
|
|
|a x-x-
|
| 072 |
|
7 |
|a 78
|x Hudba
|2 Konspekt
|9 9
|
| 080 |
|
|
|a 78.079
|2 MRF
|
| 080 |
|
|
|a 78.071.1
|2 MRF
|
| 080 |
|
|
|a 786.2.071.2
|2 MRF
|
| 080 |
|
|
|a 929
|2 MRF
|
| 080 |
|
|
|a 78-027.22
|2 MRF
|
| 080 |
|
|
|a 78.04/.06
|2 MRF
|
| 080 |
|
|
|a (436)
|2 MRF
|
| 080 |
|
|
|a (437.6)
|2 MRF
|
| 080 |
|
|
|a (062.552)
|2 MRF
|
| 245 |
0 |
0 |
|a Hudobné tradície Bratislavy a ich tvorcovia I /
|c zostaviteľ: Zdenko Nováček
|
| 250 |
|
|
|a Prvé vydanie
|
| 264 |
|
1 |
|a V Bratislave :
|b Obzor,
|c 1974
|
| 300 |
|
|
|a 109 stran :
|b noty ;
|c 20 cm
|
| 336 |
|
|
|a text
|b txt
|2 rdacontent
|
| 337 |
|
|
|a bez média
|b n
|2 rdamedia
|
| 338 |
|
|
|a svazek
|b nc
|2 rdacarrier
|
| 500 |
|
|
|a Nad názvem: Mestský dom kultúry a osvety v Bratislave
|
| 500 |
|
|
|a 1000 výtisků
|
| 504 |
|
|
|a Obsahuje bibliografické odkazy
|
| 546 |
|
|
|a Německá a ruská resumé
|
| 600 |
1 |
7 |
|a Hummel, Johann Nepomuk,
|d 1778-1837
|7 jn20000603068
|
| 611 |
2 |
7 |
|a Bratislavské hudobné slávnosti
|7 kn20101022009
|2 czenas
|
| 648 |
|
7 |
|a 18.-19. století
|7 ch757018
|
| 648 |
|
4 |
|a 1972
|
| 648 |
|
7 |
|a 20. století
|7 ch460558
|2 czenas
|
| 650 |
0 |
7 |
|a hudební festivaly
|z Slovensko
|y 20. století
|7 ph114723
|2 czenas
|
| 650 |
0 |
7 |
|a hudební skladatelé
|z Rakousko
|y 18.-19. století
|7 ph120923
|2 czenas
|
| 650 |
0 |
7 |
|a klavíristé
|z Rakousko
|y 18.-19. století
|7 ph135185
|2 czenas
|
| 650 |
0 |
7 |
|a hudební život
|z Slovensko
|7 ph135177
|2 czenas
|
| 650 |
0 |
7 |
|a hudba a společnost
|z Slovensko
|7 ph120871
|2 czenas
|
| 651 |
|
7 |
|a Bratislava (Slovensko)
|7 ge128816
|2 czenas
|
| 655 |
|
7 |
|a sborníky
|7 fd163935
|2 czenas
|
| 700 |
1 |
|
|a Nováček, Zdenko,
|d 1923-1987
|7 jk01090326
|4 com
|
| 710 |
2 |
|
|a Mestský dom kultúry a osvety v Bratislave
|7 xx0068241
|4 isb
|
| 910 |
|
|
|a BOA001
|b 2-1385.185
|
| 990 |
|
|
|a BK
|
| 991 |
|
|
|b 201703
|
| 996 |
6 |
|
|b 2610700453
|c 2-1385.185
|l MZK
|r Sklad / do 1 hodiny
|n 1
|p dar
|w 001602736
|u 000010
|a 1
|e BOA001
|j MZK50
|s P
|